Skvalitňovanie procesov aplikáciou metódy FMEA v podniku ESOX-PLAST, s.r.o.

Salvato in:
Dettagli Bibliografici
Autore principale: Droppová, Katarína, 1988- (Autore)
Altri autori: Ščepka, Igor, 1946- (Relatore della tesi)
Natura: Manoscritto Libro
Lingua:slovacco
Pubblicazione: Bratislava : STU v Bratislave SjF, 2012
Soggetti:
Accesso online:VAIS
Tags: Aggiungi Tag
Nessun Tag, puoi essere il primo ad aggiungerne!!

MARC

LEADER 00000ntm a22000003a 4500
001 stu264226
005 20150617230224.1
008 130313s2012----xo------------------slo-d
040 |a STU  |b slo 
041 0 |a slo 
044 |a xo 
100 1 |a Droppová, Katarína,  |d 1988-  |4 aut  |u J  |T SjF Strojnícka fakulta  |X 44867  |U J  |Y 20  |7 A000044867 
242 0 0 |a Improving the Process FMEA application in the enterprise ESOX-PLAST, s.r.o.  |y eng 
245 1 |a Skvalitňovanie procesov aplikáciou metódy FMEA v podniku ESOX-PLAST, s.r.o. 
260 |a Bratislava :  |b STU v Bratislave SjF,  |c 2012 
650 7 |a kvalita produkcie v strojárskych podnikoch  |2 stusub 
650 7 |a Quality of Production in Engineering Enterprises  |2 estusub 
700 1 |a Ščepka, Igor,  |d 1946-  |4 ths  |u J0070  |U SjF Strojnícka fakulta  |T SjF Ústav výrobných systémov, enviromentálnej techniky a manažment kvality  |X 2466  |U J0070  |Y 804  |7 A000002466 
856 4 |a info a plný text  |u http://is.stuba.sk/zp/portal_zp.pl?podrobnosti=85159  |3 VAIS